| Tag |
First Indicator |
Second Indicator |
Subfields |
| LEADER |
00000cam a2200000 i 4500 |
| 001 |
in00001995913 |
| 005 |
20151031113913.0 |
| 008 |
750226t19751974nyuaf 000 0 eng |
| 010 |
|
|
|a 74012545
|
| 020 |
|
|
|a 0670562734
|
| 035 |
|
|
|a (OCoLC)ocm01229453
|
| 040 |
|
|
|a DLC
|c DLC
|d UtOrBLW
|
| 049 |
|
|
|a TXAM
|
| 050 |
0 |
0 |
|a PR1195.C45
|b P6 1975
|
| 245 |
0 |
4 |
|a The Poetry of cats /
|c edited by Samuel Carr.
|
| 264 |
|
1 |
|a New York :
|b Viking Press,
|c 1975
|
| 264 |
|
4 |
|c ©1974
|
| 300 |
|
|
|a 96 pages, 4 unnumbered leaves of plates :
|b illustrations ;
|c 23 cm.
|
| 336 |
|
|
|a text
|b txt
|2 rdacontent
|
| 337 |
|
|
|a unmediated
|b n
|2 rdamedia
|
| 338 |
|
|
|a volume
|b nc
|2 rdacarrier
|
| 490 |
0 |
|
|a A Studio book
|
| 541 |
0 |
|
|a Donated by Alma B. and Max Siporin July 2004.
|
| 650 |
|
0 |
|a Cats
|v Poetry.
|
| 650 |
|
0 |
|a English poetry.
|
| 700 |
1 |
|
|a Carr, Samuel,
|d 1913-
|
| 948 |
|
|
|a cataloged
|b h
|c 2004/9/24
|d c
|e cmulkey
|f 8:49:36 am
|
| 994 |
|
|
|a C0
|b TXA
|
| 999 |
|
|
|a MARS
|
| 999 |
f |
f |
|s 37014d92-6acc-3cb0-8542-2261c4a11034
|i 4f121a5f-d899-337f-8436-061261fe901b
|t 0
|
| 952 |
f |
f |
|p ric
|a Texas A&M University
|b Rellis Campus
|c Joint Library Facility
|d Remote Storage
|t 0
|e PR1195.C45 P6 1975
|h Library of Congress classification
|i unmediated -- volume
|m A14832252876
|
| 998 |
f |
f |
|a PR1195.C45 P6 1975
|t 0
|l Remote Storage
|